Pokémon - Talent (4) - Statistiques

Statistiques générales
  • Ce quiz a été pris 40 fois
  • Le résultat moyen est 63 sur 90
Statistiques - réponses
Question Tuile Select % Correct
Quels sont les Pokémon possédant le talent Torrent ? Non
97%
Quels sont les Pokémon possédant le talent Torrent ? Non
94%
Quels sont les Pokémon possédant le talent Torrent ? Oui
94%
Quels sont les Pokémon possédant le talent Torrent ? Non
92%
Quels sont les Pokémon possédant le talent Torrent ? Oui
89%
Quels sont les Pokémon possédant le talent Torrent ? Oui
89%
Quels sont les Pokémon possédant le talent Torrent ? Oui
89%
Quels sont les Pokémon possédant le talent Torrent ? Non
89%
Quels sont les Pokémon possédant le talent Fermeté ? Oui
89%
Quels sont les Pokémon possédant le talent Coeur Noble ? Non
89%
Quels sont les Pokémon possédant le talent Coeur Noble ? Non
89%
Quels sont les Pokémon possédant le talent Farceur ? Non
89%
Quels sont les Pokémon possédant le talent Farceur ? Non
89%
Quels sont les Pokémon possédant le talent Agitation ? Non
86%
Quels sont les Pokémon possédant le talent Agitation ? Non
86%
Quels sont les Pokémon possédant le talent Agitation ? Non
86%
Quels sont les Pokémon possédant le talent Fermeté ? Non
86%
Quels sont les Pokémon possédant le talent Fermeté ? Oui
86%
Quels sont les Pokémon possédant le talent Coeur Noble ? Non
86%
Quels sont les Pokémon possédant le talent Coeur Noble ? Oui
86%
Quels sont les Pokémon possédant le talent Farceur ? Non
86%
Quels sont les Pokémon possédant le talent Technicien ? Non
86%
Quels sont les Pokémon possédant le talent Anti-Bruit ? Oui
83%
Quels sont les Pokémon possédant le talent Anti-Bruit ? Oui
83%
Quels sont les Pokémon possédant le talent Fermeté ? Non
83%
Quels sont les Pokémon possédant le talent Fermeté ? Non
83%
Quels sont les Pokémon possédant le talent Fermeté ? Non
83%
Quels sont les Pokémon possédant le talent Coeur Noble ? Oui
83%
Quels sont les Pokémon possédant le talent Farceur ? Non
83%
Quel est le Pokémon possédant le talent Garde-Ami ? Non
83%
Quels sont les Pokémon possédant le talent Technicien ? Non
83%
Quels sont les Pokémon possédant le talent Querelleur ? Non
81%
Quels sont les Pokémon possédant le talent Anti-Bruit ? Oui
81%
Quels sont les Pokémon possédant le talent Chanceux ? Oui
81%
Quel est le Pokémon possédant le talent Garde-Ami ? Non
81%
Quels sont les Pokémon possédant le talent Technicien ? Oui
81%
Quels sont les Pokémon possédant le talent Technicien ? Non
81%
Quels sont les Pokémon possédant le talent Agitation ? Non
78%
Quels sont les Pokémon possédant le talent Querelleur ? Non
78%
Quels sont les Pokémon possédant le talent Coeur Noble ? Oui
78%
Quels sont les Pokémon possédant le talent Farceur ? Oui
78%
Quel est le Pokémon possédant le talent Garde-Ami ? Non
78%
Quels sont les Pokémon possédant le talent Technicien ? Oui
78%
Quels sont les Pokémon possédant le talent Agitation ? Oui
75%
Quels sont les Pokémon possédant le talent Chanceux ? Oui
75%
Quels sont les Pokémon possédant le talent Farceur ? Non
75%
Quel est le Pokémon possédant le talent Garde-Ami ? Non
75%
Quels sont les Pokémon possédant le talent Technicien ? Non
75%
Quels sont les Pokémon possédant le talent Querelleur ? Oui
72%
Quels sont les Pokémon possédant le talent Querelleur ? Non
69%
Quels sont les Pokémon possédant le talent Fermeté ? Non
69%
Quels sont les Pokémon possédant le talent Farceur ? Oui
69%
Quel est le Pokémon possédant le talent Garde-Ami ? Non
69%
Quel est le Pokémon possédant le talent Garde-Ami ? Non
69%
Quels sont les Pokémon possédant le talent Agitation ? Oui
67%
Quels sont les Pokémon possédant le talent Agitation ? Oui
67%
Quels sont les Pokémon possédant le talent Querelleur ? Non
67%
Quels sont les Pokémon possédant le talent Querelleur ? Non
67%
Quels sont les Pokémon possédant le talent Coeur Noble ? Non
67%
Quel est le Pokémon possédant le talent Garde-Ami ? Oui
67%
Quels sont les Pokémon possédant le talent Farceur ? Oui
64%
Quels sont les Pokémon possédant le talent Technicien ? Oui
64%
Quels sont les Pokémon possédant le talent Chanceux ? Oui
61%
Quels sont les Pokémon possédant le talent Farceur ? Non
61%
Quel est le Pokémon possédant le talent Garde-Ami ? Non
61%
Quel est le Pokémon possédant le talent Garde-Ami ? Non
61%
Quels sont les Pokémon possédant le talent Technicien ? Oui
61%
Quels sont les Pokémon possédant le talent Agitation ? Non
58%
Quels sont les Pokémon possédant le talent Anti-Bruit ? Oui
58%
Quels sont les Pokémon possédant le talent Chanceux ? Oui
56%
Quels sont les Pokémon possédant le talent Chanceux ? Oui
56%
Quels sont les Pokémon possédant le talent Torrent ? Oui
53%
Quels sont les Pokémon possédant le talent Querelleur ? Oui
53%
Quels sont les Pokémon possédant le talent Anti-Bruit ? Oui
53%
Quels sont les Pokémon possédant le talent Fermeté ? Oui
53%
Quels sont les Pokémon possédant le talent Querelleur ? Non
47%
Quels sont les Pokémon possédant le talent Anti-Bruit ? Oui
47%
Quels sont les Pokémon possédant le talent Anti-Bruit ? Oui
44%
Quels sont les Pokémon possédant le talent Coeur Noble ? Oui
44%
Quels sont les Pokémon possédant le talent Querelleur ? Oui
42%
Quels sont les Pokémon possédant le talent Coeur Noble ? Oui
42%
Quels sont les Pokémon possédant le talent Chanceux ? Oui
42%
Quels sont les Pokémon possédant le talent Chanceux ? Oui
42%
Quels sont les Pokémon possédant le talent Chanceux ? Oui
39%
Quels sont les Pokémon possédant le talent Technicien ? Oui
36%
Quels sont les Pokémon possédant le talent Anti-Bruit ? Oui
33%
Quels sont les Pokémon possédant le talent Agitation ? Oui
31%
Quels sont les Pokémon possédant le talent Anti-Bruit ? Oui
31%
Quels sont les Pokémon possédant le talent Chanceux ? Oui
31%
Quels sont les Pokémon possédant le talent Fermeté ? Oui
22%
Aucun quiz correspondant
Distribution des résultats
% des personnes avec chaque résultat
Percentile par nombre de réponses
Votre historique - résultats
Vous n’avez pas pris ce quiz